Neďaleko Košíc pripravovali miliardový trucpodnik. Napokon sa to skončilo fiaskom ústrdnou postavou bol Aksam Barakat. Pozemky sú v dražbe

Podrobná bibliografia
Hlavný autor: Vašuta, Tomáš, 1984- (Autor)
Médium: Článok
Jazyk:slovenčina
Fyzický popis:Fotografie
ISSN:2585-7355
Predmet:

MARC

LEADER 00000nab a2200000u 4500
001 vtls012055782
003 SK-MaSNL
005 20260303210828.0
008 210526|20210521xo ||||||| || ||slo|
038 |a KEVKJB 
040 |a KEVKJB  |b slo  |e rda 
041 0 |a slo 
043 |a e-xo--- 
044 |a xo  |c SK 
072 7 |a 658  |x Riadenie a správa podniku  |2 konspekt 
080 |a 658.114-051  |2 2011 
100 1 |a Vašuta, Tomáš,  |d 1984-  |4 aut  |9 234774 
245 1 0 |a Neďaleko Košíc pripravovali miliardový trucpodnik. Napokon sa to skončilo fiaskom  |b ústrdnou postavou bol Aksam Barakat. Pozemky sú v dražbe  |c Tomáš Vašuta 
300 |b Fotografie 
336 |a text  |b txt  |2 rdacontent 
337 |a bez média  |b n  |2 rdamedia 
338 |a zväzok  |b nc  |2 rdacarrier 
600 1 7 |a Barakat, Aksam  |2 kevkjb  |9 1016734 
650 0 7 |a pozemky  |2 SNKPH  |9 15852 
650 0 7 |a kauzy  |2 kevkjb  |9 1016128 
650 0 7 |a podnikatelia  |2 SNKPH  |9 1756 
651 7 |a Košice (Slovensko)  |2 SNKPHgeo  |9 18694 
651 7 |a Mokrance (Slovensko)  |2 SNKPHgeo  |9 30744 
651 7 |a Košice-okolie (Slovensko : okres)  |2 SNKPHgeo  |9 146743 
773 0 |t Korzár  |g Roč. XXIV., č. 115 (21.5.2021), s. 7  |x 2585-7355 
852 |a KEVKJB  |b KIS3GCP 
999 |c 2201962  |d 2203892